000 00385nam a2200169Ia 4500
008 231221s9999 xx 000 0 und d
041 _aEnglish
082 _a001.6424C KAN;35
100 _aKanetkar, Yashavant P.
245 0 _aLet us C
250 _a8th ed.
260 _c2004
_bBPB
_aNew delhi
300 _axvii+746
500 _arepl/cs/12375
650 _aC
942 _cBC
999 _c201966
_d201966